000 00562nam a2200217Ia 4500
003 OSt
005 20221002055037.0
006 a|||||r|||| 00| 0
007 ta
008 220930b |||||||| |||| 00| 0 urd d
024 _a71632
037 _cReference Collections
040 _aCRL
_cCRL
_burd
041 _2urd
_aurd
082 _aQ7w1.D9, 168N2(RR)
245 0 _aKanzul al-insab al-maroof anwar-e-assiyadat
260 _c1992
650 _aISLAM
942 _hQ7w1.D9, 168N2(RR)
_cref
_2CC
999 _c926563
_d926563